Arbeitsmarktpolitische Qualifizierung programme in Österreich <Eine> Multidimensionale Wirkungsanalyse

Guardado en:
Detalles Bibliográficos
Autor principal: Aichholzer, Georg
Otros Autores: Lassnigg, Lorenz, Schienstock, Gerd
Formato: Libro
Lenguaje:alemán
Publicado: Wien Institut für Höhere Studien 1986
Edición:1. Aufl.
Colección:Forschungsbericht No.232
Etiquetas: Agregar Etiqueta
Sin Etiquetas, Sea el primero en etiquetar este registro!

MARC

LEADER 00000nam a2200000 4500
001 c028330
005 20221207071501.4
041 0 |a ger 
044 |a AT 
245 1 0 |a Arbeitsmarktpolitische Qualifizierung programme in Österreich  |b <Eine> Multidimensionale Wirkungsanalyse  |c Georg Aichholzer, Lorenz Lassnigg, Gerd Schienstock 
250 |a 1. Aufl. 
264 1 |a Wien  |b Institut für Höhere Studien  |c 1986 
300 |a 76 s. 
490 1 |a Forschungsbericht  |v No.232 
830 0 |a Forschungsbericht  |v No.232 
100 1 |a Aichholzer, Georg 
700 1 |a Lassnigg, Lorenz 
700 1 |a Schienstock, Gerd